01020cam a2200253 450000100060000000300080000600500170001400800410003102000150007203500190008704000320010604100080013808200270014610000350017324500720020826000410028030000250032150400500034665100570039694200120045399900170046595201510048295201330063326051BD-RjUL20211209050950.0140320s1971 ii b 001 0 eng d a0706900804 a(BD-RjUL)26121 aDLCcDLCdDLCdBD-RjULbeng aeng00a320.0954223bMEE 19711 aMehrotra, S. R.,d1931-98003814aThe emergence of the Indian National Congress /cby S. R. Mehrotra. aDelhi :bVikas Publications,cc1971. avi, 461 p. ;c25 cm. aInclude index and bibliography: p. [424]-448. 0aIndiaxPolitics and governmenty19th century.980040 2ddccBK c26051d26051 00102ddc40708NFICaRUCLbRUCLcReadingd1973-10-09eParamount book cor.g72.00l0o320.0954 MEE 1971r2014-03-20 00:00:00tC-1w2021-12-09yBK 00102ddc40708NFICaRUCLbRUCLcStackd1974-06-25eIndia Gov.l0o320.0954 MEE 1971r2016-11-26 00:00:00tC-2w2021-12-09yBK